Library Banner

(نیا علم شفا بخشی)Nia ilm-e-shifa bakhshi (Urdu) (Record no. 68793)

MARC details
000 -LEADER
fixed length control field 00591nam a2200193Ia 4500
001 - CONTROL NUMBER
control field 65477
003 - CONTROL NUMBER IDENTIFIER
control field OSt
005 - DATE AND TIME OF LATEST TRANSACTION
control field 20160315114421.0
008 - FIXED-LENGTH DATA ELEMENTS--GENERAL INFORMATION
fixed length control field 150403s9999 xx 000 0 und d
040 ## - CATALOGING SOURCE
Transcribing agency PK-LaUMT
082 ## - DEWEY DECIMAL CLASSIFICATION NUMBER
Classification number 613
Item number KOH-N
100 ## - MAIN ENTRY--PERSONAL NAME
Personal name Kohni, Loi
245 ## - TITLE STATEMENT
Title (نیا علم شفا بخشی)Nia ilm-e-shifa bakhshi (Urdu)
Statement of responsibility, etc (کوھنی، لوئی)Kohni, Loi|Sarop, Sarotaria
260 ## - PUBLICATION, DISTRIBUTION, ETC. (IMPRINT)
Place of publication, distribution, etc (لاہور، پاکستان)Lahore,Pakistan:
Name of publisher, distributor, etc (مقبول اکیڈمی)Maqbool Academy,
Date of publication, distribution, etc 2010
300 ## - PHYSICAL DESCRIPTION
Extent 211 p.
546 ## - LANGUAGE NOTE
Language note UR
700 ## - ADDED ENTRY--PERSONAL NAME
Personal name Sarop, Sarotaria
942 ## - ADDED ENTRY ELEMENTS (KOHA)
Koha item type Books
Source of classification or shelving scheme Dewey Decimal Classification
Holdings
Withdrawn status Lost status Damaged status Not for loan Home library Current library Date acquired Total Checkouts Full call number Barcode Date last seen Date checked out Price effective from Koha item type
        UMT Main Campus UMT Main Campus 2015-04-03 1 613 KOH-N 88838 2019-04-29 2019-02-24 2015-04-03 Books